[Event "Cellavision Cup 2018"]
[Site "Lund"]
[Date "2018.08.04"]
[Round "6"]
[White "Ornstein, Axel"]
[Black "Cramling, Pia"]
[Result "0-1"]
[WhiteElo "2309"]
[BlackElo "2453"]
[Annotator "ChessBase"]
[PlyCount "88"]
[EventDate "2018.08.03"]
[EventType "swiss"]
[EventCountry "SWE"]
[SourceTitle "playchess.com"]
[Source "ChessBase"]
[SourceQuality "1"]
[TimeControl "5400+30"]

1. d4 {[%emt 0:02:53]} Nf6 {[%emt 0:00:22]} 2. Nf3 {[%emt 0:00:01]} d5 {[%emt 0:02:43]} 3. Bf4 {[%emt 0:01:41]} c5 {[%emt 0:01:50]} 4. c3 {[%emt 0:00:10]} Nc6 {[%emt 0:01:08]} 5. e3 {[%emt 0:00:46]} Qb6 {[%emt 0:04:26]} 6. Qb3 {[%emt 0:00:23]} c4 {[%emt 0:00:58]} 7. Qc2 {[%emt 0:00:02]} Bf5 {[%emt 0:01:05]} 8. Qc1 {[%emt 0:00:03]} e6 {[%emt 0:00:47]} 9. Nbd2 {[%emt 0:00:06]} Be7 {[%emt 0:01:04]} 10. b3 {[%emt 0:02:20]} Qa5 {[%emt 0:15:38]} 11. b4 {[%emt 0:00:20]} Bxb4 {[%emt 0:08:58]} 12. cxb4 {[%emt 0:00:15]} Nxb4 {[%emt 0:00:07]} 13. Be2 {[%emt 0:38:15]} Nc2+ {[%emt 0:02:37]} 14. Kf1 {[%emt 0:00:01]} Nxa1 {[%emt 0:00:24]} 15. Qxa1 {[%emt 0:00:03]} O-O {[%emt 0:00:21]} 16. h3 {[%emt 0:00:12]} Rfc8 {[%emt 0:07:29]} 17. g4 {[%emt 0:00:07]} Bg6 {[%emt 0:00:29]} 18. Kg2 {[%emt 0:00:04]} Rc6 {[%emt 0:02:16]} 19. Rc1 {[%emt 0:04:09]} Rac8 {[%emt 0:07:45]} 20. Nb1 {[%emt 0:08:38]} Ra6 {[%emt 0:01:43]} 21. a3 {[%emt 0:02:09]} Nd7 {[%emt 0:05:11]} 22. Nfd2 {[%emt 0:02:08]} b5 {[%emt 0:06:37]} 23. Qb2 {[%emt 0:04:38]} Rcc6 {[%emt 0:03:05]} 24. f3 {[%emt 0:03:39]} b4 {[%emt 0:06:03]} 25. axb4 {[%emt 0:02:49]} Qa1 {[%emt 0:03:05]} 26. Qxa1 {[%emt 0:00:53]} Rxa1 {[%emt 0:00:04]} 27. e4 {[%emt 0:00:08]} Rb6 {[%emt 0:01:10]} 28. Rc2 {[%emt 0:01:55]} Rxb4 {[%emt 0:01:42]} 29. Nc3 {[%emt 0:00:01]} f6 {[%emt 0:02:24]} 30. h4 {[%emt 0:02:08]} a5 {[%emt 0:02:18]} 31. h5 {[%emt 0:11:26]} Bf7 {[%emt 0:00:06]} 32. Na2 {[%emt 0:08:24]} Rb6 {[%emt 0:00:47]} 33. Bc7 {[%emt 0:00:12]} Rb7 {[%emt 0:04:27]} 34. Bd6 {[%emt 0:00:36]} a4 {[%emt 0:01:00]} 35. Kf2 {[%emt 0:01:11]} h6 {[%emt 0:01:47]} 36. Nxc4 {[%emt 0:01:04]} dxc4 {[%emt 0:00:28]} 37. Bxc4 {[%emt 0:00:02]} Rb6 {[%emt 0:01:55]} 38. Bc5 {[%emt 0:00:14]} Rbb1 {[%emt 0:00:57]} 39. Bd6 {[%emt 0:00:38]} Rd1 {[%emt 0:01:38]} 40. Ke3 {[%emt 0:00:42]} Re1+ {[%emt 0:00:45]} 41. Be2 {[%emt 0:00:15]} Reb1 {[%emt 0:01:05]} 42. Rc8+ Kh7 43. Bd3 Rb3 44. Nb4 e5 0-1

[Event "Cellavision Cup 2018"]
[Site "Lund"]
[Date "2018.08.04"]
[Round "6"]
[White "Ivarsson, Torbjorn"]
[Black "Hansen, Torbjorn Ringdal"]
[Result "0-1"]
[WhiteElo "2156"]
[BlackElo "2422"]
[Annotator "TA"]
[PlyCount "80"]
[EventDate "2018.08.03"]
[EventType "swiss"]
[EventCountry "SWE"]
[SourceTitle "playchess.com"]
[Source "ChessBase"]
[SourceQuality "1"]

{[%evp 12,79,5,15,58,58,58,58,57,54,62,59,44,47,52,47,46,47,46,48,37,7,22,0,0,0,0,-11,0,-49,-12,-17,-8,-128,-45,-93,-57,-156,-132,-117,-118,-210,-215,-209,-116,-370,-321,-373,-382,-820,-430,-445,-372,-394,-351,-431,-440,-435,-340,-751,-723,-731,-1259,-1252,-1191,-1149,-1121,-29988,-29989,-29999]} 1. d4 Nf6 2. Bf4 b6 3. Nf3 Bb7 4. e3 Nh5 5. Bg5 h6 6. Bh4 {A47: 1 d4 Nf6 2 Nf3 b6: Torre, London and Colle Systems} g5 7. Nfd2 {LiveBook: 6 Games} (7. Bg3 Nxg3 8. hxg3 Bg7 9. Bd3 e6 10. Nbd2 d6 11. Qe2 Nd7 12. c3 {0-1 (49) Caruana,F (2811)-Nakamura,H (2781) chess.com INT 2018}) 7... gxh4 $146 ({Predecessor:} 7... Nf6 8. Bg3 Bg7 9. c4 c5 10. d5 b5 11. Nc3 b4 12. Nce4 Nxe4 13. Nxe4 Bxb2 {1-0 (40) Ali Marandi,C (2515)-Petrov,M (2417) Paracin 2017}) 8. Qxh5 {White is slightly better.} e6 9. Nf3 Qf6 10. Qxh4 Qg6 11. Kd1 d6 12. Nbd2 Nd7 13. Rg1 Be7 14. Qh3 O-O-O 15. Bd3 Qg7 16. Ke2 h5 17. g4 hxg4 18. Qxg4 Qf8 19. h4 f5 20. Qf4 Bf6 {[%mdl 1024] Black has compensation.} 21. Rg6 Qe7 22. Rh1 {[#]} (22. Rag1 $1 $11 {remains equal.}) 22... Kb8 ({Black should try} 22... Rh5 $1 $17 23. Qg3 e5 24. dxe5 dxe5) 23. c3 Rdf8 24. Rh3 ({Better is} 24. h5 $15) 24... Rh5 {Hoping for ...e5.} 25. Qg3 e5 {White must now prevent ...e4.} 26. dxe5 (26. Bc4 $17 {was worth a try.}) 26... dxe5 $19 27. Bc4 Rhh8 (27... f4 $19 28. Qg4 Rhh8 29. exf4 exf4+ 30. Kf1 Nc5) 28. Ng5 $2 {[%mdl 8192]} (28. Kd1 $17 {keeps fighting.}) 28... f4 {[%cal Bf5f4,Bf4f3][%mdl 32]} 29. Qg4 {[#]} Nc5 $1 30. Qg1 $2 (30. b4 Bc8 31. Qg2 Bxh3 32. Nxh3) 30... Bc8 {[%cal Bb7c8,Bc8f5,Bf5g6][%mdl 32]} 31. Rh2 Bf5 32. Rxf6 Qxf6 33. e4 {[#]} f3+ $1 {[%mdl 512]} 34. Kd1 (34. Ndxf3 Nxe4) 34... Bg6 35. Qg3 $2 (35. Qe1) 35... Rd8 {Strongly threatening ...Qd6.} 36. Kc1 {[#]} Rxd2 $1 {[%mdl 512]} 37. Kxd2 Rd8+ 38. Ke3 {[#]} b5 $1 {[%cal Bb6b5,Bb5c4][%mdl 544]} 39. b4 (39. Bxb5 Qb6) 39... bxc4 {[%csl Gc4,Gc5][%cal Rd8d3]} 40. b5 Rd3# {Precision: White = 25%, Black = 52%.} 0-1

[Event "Cellavision Cup 2018"]
[Site "Lund"]
[Date "2018.08.04"]
[Round "6"]
[White "Nordebrink, Johan"]
[Black "Ahlander, Bjorn"]
[Result "0-1"]
[WhiteElo "2146"]
[BlackElo "2433"]
[Annotator "NA"]
[PlyCount "52"]
[EventDate "2018.08.03"]
[EventType "swiss"]
[EventCountry "SWE"]
[SourceTitle "playchess.com"]
[Source "ChessBase"]
[SourceQuality "1"]
[TimeControl "5400+30"]

1. e4 {[%emt 0:00:00]} c5 {[%emt 0:00:00]} 2. c3 {[%emt 0:00:00]} d5 {[%emt 0:00:14]} 3. exd5 {[%emt 0:00:00]} Qxd5 {[%emt 0:00:03]} 4. d4 {[%emt 0:00:04]} Nf6 {[%emt 0:00:26]} 5. Nf3 {[%emt 0:01:51]} e6 {[%emt 0:00:07]} 6. Na3 {[%emt 0:02:17]} Nc6 {[%emt 0:07:18]} 7. Be3 {[%emt 0:03:19]} cxd4 {[%emt 0:05:01]} 8. Nb5 {[%emt 0:00:10]} Qd8 {[%emt 0:01:23]} 9. Nbxd4 {[%emt 0:01:14]} Nd5 {[%emt 0:04:20]} 10. Nxc6 {[%emt 0:17:48]} bxc6 {[%emt 0:00:03]} 11. Bd4 {[%emt 0:00:53]} f6 {[%emt 0:02:10]} 12. Bc4 {[%emt 0:19:19]} Bd6 {[%emt 0:15:03]} 13. O-O {[%emt 0:00:57]} O-O {[%emt 0:00:04]} 14. Re1 {[%emt 0:01:17]} Qc7 {[%emt 0:02:10]} 15. Bb3 {[%emt 0:05:59]} c5 {[%emt 0:09:19]} 16. Bxd5 {[%emt 0:01:50]} exd5 {[%emt 0:00:03]} 17. Bxf6 {[%emt 0:00:40]} gxf6 {[%emt 0:14:40]} 18. Qxd5+ {[%emt 0:00:14]} Kg7 {[%emt 0:00:03]} 19. Rad1 {[%emt 0:16:03]} Bf4 {[%emt 0:00:09]} 20. Re4 {[%emt 0:07:26]} Rb8 {[%emt 0:04:14]} 21. Qc4 {[%emt 0:07:37]} Bd6 {[%emt 0:04:36]} 22. Rh4 {[%emt 0:01:51]} Rb6 {[%emt 0:01:32]} 23. Qd3 {[%emt 0:02:35]} Kg8 {[%emt 0:00:36]} 24. Qe4 {[%emt 0:02:07]} Qf7 {[%emt 0:01:48]} 25. Rd5 {[%emt 0:01:27]} Qg6 {[%emt 0:10:20]} 26. Nd2 {[%emt 0:02:20]} Re8 {[%emt 0:03:31]} 0-1

[Event "Cellavision Cup 2018"]
[Site "Lund"]
[Date "2018.08.05"]
[Round "7"]
[White "Grandelius, Nils"]
[Black "Shirov, Alexei"]
[Result "1-0"]
[WhiteElo "2658"]
[BlackElo "2631"]
[Annotator "TA"]
[PlyCount "77"]
[EventDate "2018.08.03"]
[EventType "swiss"]
[EventCountry "SWE"]
[SourceTitle "playchess.com"]
[Source "ChessBase"]
[SourceQuality "1"]

{[%evp 26,77,4,0,18,0,0,0,0,0,0,0,14,12,192,191,144,165,222,214,238,222,244,241,237,231,231,231,231,230,212,222,222,221,214,206,207,164,165,170,312,297,388,372,393,326,349,335,403,404,29983,29984,29995,29996]} 1. e4 e5 2. Nf3 Nc6 3. Bb5 {[%cal Bf1b5,Bb5a4,Ba4b3][%mdl 32]} a6 4. Ba4 Nf6 5. O-O b5 6. Bb3 Bc5 7. a4 Rb8 8. c3 d6 9. d4 Bb6 10. a5 {C78: Ruy Lopez: Archangelsk and Möller Defences} Ba7 11. h3 O-O 12. Be3 Ra8 13. Nbd2 {[%cal Bb1d2,Bd2f1,Bf1g3][%mdl 32]} h6 14. Re1 {LiveBook: 30 Games} Re8 15. Nf1 exd4 16. cxd4 Rxe4 17. Ng3 Re7 {[#]} 18. Qd2 $146 d5 19. Rac1 $36 {[%mdl 2048] White is more active.} Qd6 $2 {[#]} (19... Ne4 $11 {and Black stays safe.} 20. Nxe4 dxe4) 20. Bf4 $18 Rxe1+ 21. Nxe1 Qd7 (21... Qe6 {might work better.}) 22. Nf3 Ne4 23. Nxe4 dxe4 {[#]} 24. Rxc6 $1 {[%mdl 512]} Qxc6 25. Ne5 Qf6 {White must now prevent ...Be6.} 26. Bxf7+ Kh8 27. Bd5 $1 {[%csl LRa8,LRe4]} c6 28. Bxc6 Rb8 29. Bxe4 Bf5 30. Ng4 Bxg4 31. Bxb8 ({Not} 31. hxg4 Rd8 $11) 31... Bxb8 32. hxg4 {Qc3 is the strong threat.} Bc7 (32... Qf4 $142 33. Qc2 Qc7) 33. g3 Qd8 34. b4 Qe7 35. Bc2 Kg8 36. Qc3 Qd6 37. Qf3 Bd8 (37... Qf6 $18 38. Qb7 Qd6) 38. Bb3+ Kh8 39. Qf7 {Precision: White = 87%, Black = 26%.} 1-0

[Event "Cellavision Cup 2018"]
[Site "Lund"]
[Date "2018.08.05"]
[Round "7"]
[White "Hansen, Sune Berg"]
[Black "Ernst, Thomas"]
[Result "1-0"]
[WhiteElo "2589"]
[BlackElo "2346"]
[Annotator "TA"]
[PlyCount "74"]
[EventDate "2018.08.03"]
[EventType "swiss"]
[EventCountry "SWE"]
[SourceTitle "playchess.com"]
[Source "ChessBase"]
[SourceQuality "1"]

{[%evp 30,74,31,34,31,23,27,22,20,22,30,0,0,0,24,0,51,0,51,39,66,44,77,71,53,54,62,77,105,107,102,92,173,170,388,395,621,599,626,606,824,817,784,769,798,708,2406]} 1. d4 Nf6 2. c4 g6 3. g3 Bg7 4. Bg2 O-O 5. Nf3 d6 6. O-O c5 7. b3 Nc6 8. Bb2 cxd4 9. Nxd4 Bd7 10. Nc3 Nxd4 11. Qxd4 Bc6 12. Nd5 Ne8 13. Qd2 Bxb2 14. Qxb2 Nc7 15. Rfd1 {E60: King's Indian: Unusual lines and Fianchetto Variation without Nc3} Nxd5 16. Bxd5 {LiveBook: 6 Games} Rc8 {[%cal Ba8c8,Bc8c5,Bc5f5][%mdl 32]} 17. h4 {[#] White is slightly better.} (17. a4 {with more complications.} Qb6 18. h4 h5 19. Qc3 Rfd8 20. Rac1) 17... Qb6 $146 ({Predecessor:} 17... Qd7 18. Rd4 Bxd5 19. Rxd5 Rc5 {½-½ (19) Cvitan,O (2526)-Stevic,H (2596) Opatija 2015}) 18. Rac1 (18. Rab1 {is interesting.} h5 19. Rbc1 Bxd5 20. Rxd5 Rc5 21. e4) 18... Bxd5 19. Rxd5 Rc5 20. Rd4 {[%cal Bd5d4,Bd4e4,Be4e5][%mdl 32]} Rfc8 21. Qd2 Qc7 22. a4 a5 (22... b5 $11) 23. Rc3 ({Better is} 23. Kg2 $14) 23... Qd7 (23... b5 $1 $11) 24. Re3 Rf5 25. Rde4 Re8 $1 26. Re5 b6 27. Qd4 Rxe5 28. Rxe5 $14 {[%mdl 4096] Endgame KQR-KQR} Qc6 29. Rb5 Rb8 30. h5 {[%cal Bh4h5,Bh5h6][%mdl 32]} e5 (30... Qc7 $16) 31. Qe3 $18 Kg7 $2 {[#]} (31... Qc7 32. Qg5 Qd7) 32. c5 $1 {[%cal Bc4c5,Bc5b6][%mdl 544]} f6 (32... f5 $142 33. cxb6 (33. Rxb6 Rxb6 34. cxb6 Kf6 $16) 33... Kf6) (32... bxc5 33. h6+) 33. h6+ {White is clearly winning.} Kf7 {[%cal Rd6c5]} 34. cxb6 Ke6 35. b4 axb4 36. Rxb4 Qc5 37. Qa3 Kd5 {Precision: White = 62%, Black = 32%.} 1-0

[Event "Cellavision Cup 2018"]
[Site "Lund"]
[Date "2018.08.05"]
[Round "7"]
[White "Hillarp Persson, Tiger"]
[Black "Maiorov, Nikita"]
[Result "1-0"]
[WhiteElo "2542"]
[BlackElo "2504"]
[Annotator "ChessBase"]
[PlyCount "85"]
[EventDate "2018.08.03"]
[EventType "swiss"]
[EventCountry "SWE"]
[SourceTitle "playchess.com"]
[Source "ChessBase"]
[SourceQuality "1"]
[TimeControl "5400+30"]

1. Nf3 {[%emt 0:03:48]} Nf6 {[%emt 0:00:00]} 2. g3 {[%emt 0:00:25]} d5 {[%emt 0:00:00]} 3. Bg2 {[%emt 0:00:09]} c6 {[%emt 0:00:03]} 4. O-O {[%emt 0:00:07]} Bg4 {[%emt 0:00:06]} 5. h3 {[%emt 0:00:06]} Bh5 {[%emt 0:00:39]} 6. d3 {[%emt 0:00:35]} e6 {[%emt 0:00:18]} 7. c4 {[%emt 0:00:22]} Nbd7 {[%emt 0:07:02]} 8. cxd5 {[%emt 0:00:11]} exd5 {[%emt 0:00:06]} 9. Nc3 {[%emt 0:00:25]} Bc5 {[%emt 0:03:36]} 10. Qb3 {[%emt 0:02:20]} Nb6 {[%emt 0:04:16]} 11. Qc2 {[%emt 0:08:49]} O-O {[%emt 0:03:24]} 12. e4 {[%emt 0:05:02]} dxe4 {[%emt 0:01:15]} 13. dxe4 {[%emt 0:00:07]} Nfd7 {[%emt 0:04:28]} 14. Kh2 {[%emt 0:15:21]} f6 {[%emt 0:17:34]} 15. b3 {[%emt 0:13:44]} Re8 {[%emt 0:03:37]} 16. Bb2 {[%emt 0:02:49]} Qc7 {[%emt 0:04:04]} 17. Nh4 {[%emt 0:02:34]} Bf8 {[%emt 0:06:07]} 18. Nb5 {[%emt 0:02:33]} Qb8 {[%emt 0:01:59]} 19. Nd4 {[%emt 0:00:09]} a5 {[%emt 0:00:56]} 20. f4 {[%emt 0:01:46]} a4 {[%emt 0:02:32]} 21. Kh1 {[%emt 0:02:21]} axb3 {[%emt 0:02:33]} 22. axb3 {[%emt 0:00:07]} Rxa1 {[%emt 0:00:03]} 23. Bxa1 {[%emt 0:00:41]} Bf7 {[%emt 0:00:24]} 24. Nhf5 {[%emt 0:07:41]} c5 {[%emt 0:02:39]} 25. Nb5 {[%emt 0:02:16]} c4 {[%emt 0:00:07]} 26. bxc4 {[%emt 0:00:12]} Nxc4 {[%emt 0:00:25]} 27. Qc3 {[%emt 0:17:52]} Qc8 {[%emt 0:07:27]} 28. Rd1 {[%emt 0:02:07]} Rd8 {[%emt 0:02:04]} 29. Kh2 {[%emt 0:02:19]} Qc6 {[%emt 0:00:58]} 30. Nbd4 {[%emt 0:02:58]} Qa4 {[%emt 0:06:52]} 31. Nc2 {[%emt 0:00:25]} Ra8 {[%emt 0:00:51]} 32. e5 {[%emt 0:04:41]} fxe5 {[%emt 0:00:52]} 33. fxe5 {[%emt 0:00:42]} Ndxe5 {[%emt 0:00:53]} 34. Nce3 {[%emt 0:00:37]} Qa3 {[%emt 0:14:00]} 35. Qd4 {[%emt 0:00:27]} Nxe3 {[%emt 0:03:03]} 36. Nh6+ {[%emt 0:00:37]} Kh8 {[%emt 0:00:12]} 37. Qxe5 {[%emt 0:00:11]} Bc4 {[%emt 0:01:10]} 38. Bb2 {[%emt 0:00:33]} Qa4 {[%emt 0:01:41]} 39. Rd4 {[%emt 0:00:29]} Re8 {[%emt 0:00:07]} 40. Rxc4 {[%emt 0:00:00]} Nxc4 {[%emt 0:00:03]} 41. Nf7+ {[%emt 0:00:29]} Kg8 {[%emt 0:00:04]} 42. Nh6+ {[%emt 0:00:53]} Kh8 {[%emt 0:00:06]} 43. Qd5 1-0

[Event "Cellavision Cup 2018"]
[Site "Lund"]
[Date "2018.08.05"]
[Round "7"]
[White "Sivuk, Vitaly"]
[Black "Sumets, Andrey"]
[Result "1/2-1/2"]
[WhiteElo "2535"]
[BlackElo "2575"]
[Annotator "ChessBase"]
[PlyCount "100"]
[EventDate "2018.08.03"]
[EventType "swiss"]
[EventCountry "SWE"]
[SourceTitle "playchess.com"]
[Source "ChessBase"]
[SourceQuality "1"]
[TimeControl "5400+30"]

1. Nf3 {[%emt 0:06:13]} d5 {[%emt 0:00:00]} 2. g3 {[%emt 0:00:10]} Nf6 {[%emt 0:00:00]} 3. Bg2 {[%emt 0:00:20]} e6 {[%emt 0:00:00]} 4. c4 {[%emt 0:00:33]} Be7 {[%emt 0:00:02]} 5. d4 {[%emt 0:01:52]} O-O {[%emt 0:00:08]} 6. Nc3 {[%emt 0:00:11]} c6 {[%emt 0:01:01]} 7. Qd3 {[%emt 0:00:51]} b6 {[%emt 0:08:34]} 8. O-O {[%emt 0:02:32]} Ba6 {[%emt 0:16:09]} 9. b3 {[%emt 0:00:51]} b5 {[%emt 0:04:09]} 10. cxb5 {[%emt 0:11:18]} cxb5 {[%emt 0:00:22]} 11. Nxb5 {[%emt 0:00:11]} Qb6 {[%emt 0:00:14]} 12. a4 {[%emt 0:00:12]} Nc6 {[%emt 0:00:06]} 13. Bd2 {[%emt 0:07:26]} Ne4 {[%emt 0:05:47]} 14. Rfc1 {[%emt 0:08:38]} Nxd2 {[%emt 0:11:33]} 15. Qxd2 {[%emt 0:03:26]} Bxb5 {[%emt 0:00:13]} 16. axb5 {[%emt 0:00:06]} Qxb5 {[%emt 0:00:03]} 17. Qc2 {[%emt 0:04:04]} Na5 {[%emt 0:08:08]} 18. Bf1 {[%emt 0:09:43]} Bd8 {[%emt 0:07:42]} 19. Ra3 {[%emt 0:07:01]} Bb6 {[%emt 0:11:34]} 20. Qc3 {[%emt 0:06:46]} Nb7 {[%emt 0:00:12]} 21. e3 {[%emt 0:05:17]} Qe8 {[%emt 0:02:59]} 22. Ba6 {[%emt 0:00:18]} Nd6 {[%emt 0:00:25]} 23. Ra2 {[%emt 0:04:01]} f6 {[%emt 0:02:17]} 24. Qb4 {[%emt 0:01:57]} Qe7 {[%emt 0:03:05]} 25. Rc6 {[%emt 0:01:01]} Rfd8 {[%emt 0:00:06]} 26. Rac2 {[%emt 0:00:13]} Rab8 {[%emt 0:00:13]} 27. Qa3 {[%emt 0:01:37]} Nf5 {[%emt 0:01:57]} 28. Qc1 {[%emt 0:01:04]} Rd6 {[%emt 0:02:36]} 29. Bd3 {[%emt 0:00:41]} Rxc6 {[%emt 0:01:05]} 30. Rxc6 {[%emt 0:00:02]} Nd6 {[%emt 0:00:12]} 31. Qc2 {[%emt 0:00:05]} g6 {[%emt 0:03:26]} 32. Nh4 {[%emt 0:03:59]} Nf7 {[%emt 0:02:04]} 33. Ng2 {[%emt 0:09:21]} Nd8 {[%emt 0:00:22]} 34. Rc3 {[%emt 0:00:21]} Ba5 {[%emt 0:00:30]} 35. Rc8 {[%emt 0:01:04]} Rxc8 {[%emt 0:00:13]} 36. Qxc8 {[%emt 0:00:05]} Qc7 {[%emt 0:00:33]} 37. Ba6 {[%emt 0:00:26]} Qxc8 {[%emt 0:00:13]} 38. Bxc8 {[%emt 0:00:02]} g5 {[%emt 0:00:53]} 39. h4 {[%emt 0:00:30]} h6 {[%emt 0:00:34]} 40. Kf1 {[%emt 0:00:35]} Kf7 {[%emt 0:00:10]} 41. Ke2 {[%emt 0:00:22]} Ke7 {[%emt 0:01:46]} 42. Ba6 {[%emt 0:00:46]} Nf7 {[%emt 0:00:33]} 43. hxg5 {[%emt 0:00:42]} hxg5 {[%emt 0:00:04]} 44. g4 {[%emt 0:00:55]} Nd6 {[%emt 0:00:25]} 45. f3 {[%emt 0:01:29]} Kd7 {[%emt 0:00:20]} 46. Bd3 {[%emt 0:00:24]} Bc3 {[%emt 0:04:12]} 47. Bh7 {[%emt 0:00:42]} Nb7 {[%emt 0:01:14]} 48. Kd3 {[%emt 0:00:28]} Bb4 {[%emt 0:00:05]} 49. e4 dxe4+ {[%emt 0:00:16]} 50. Bxe4 {[%emt 0:01:47]} Nd6 {[%emt 0:00:28]} 1/2-1/2

[Event "Cellavision Cup 2018"]
[Site "Lund"]
[Date "2018.08.05"]
[Round "7"]
[White "Hector, Jonny"]
[Black "Urkedal, Frode Olav Olsen"]
[Result "1-0"]
[WhiteElo "2491"]
[BlackElo "2537"]
[Annotator "ChessBase"]
[PlyCount "119"]
[EventDate "2018.08.03"]
[EventType "swiss"]
[EventCountry "SWE"]
[SourceTitle "playchess.com"]
[Source "ChessBase"]
[SourceQuality "1"]
[TimeControl "5400+30"]

1. e4 {[%emt 0:00:00]} e5 {[%emt 0:00:21]} 2. Nf3 {[%emt 0:00:00]} Nc6 {[%emt 0:00:06]} 3. Bc4 {[%emt 0:00:00]} Nf6 {[%emt 0:00:05]} 4. d4 {[%emt 0:00:37]} exd4 {[%emt 0:00:25]} 5. e5 {[%emt 0:00:24]} d5 {[%emt 0:00:03]} 6. Bb5 {[%emt 0:00:15]} Nd7 {[%emt 0:00:04]} 7. O-O {[%emt 0:02:59]} Be7 {[%emt 0:01:56]} 8. Bxc6 {[%emt 0:00:27]} bxc6 {[%emt 0:00:04]} 9. Nxd4 {[%emt 0:00:19]} Nb8 {[%emt 0:00:07]} 10. Nc3 {[%emt 0:00:16]} O-O {[%emt 0:00:12]} 11. Qh5 {[%emt 0:00:34]} Re8 {[%emt 0:05:21]} 12. Rd1 {[%emt 0:07:48]} Qd7 {[%emt 0:01:07]} 13. Be3 {[%emt 0:09:43]} Bf8 {[%emt 0:02:28]} 14. h3 {[%emt 0:07:40]} c5 {[%emt 0:06:06]} 15. Nf3 {[%emt 0:03:48]} d4 {[%emt 0:01:52]} 16. Bf4 {[%emt 0:03:13]} Bb7 {[%emt 0:18:14]} 17. Nb1 {[%emt 0:02:29]} g6 {[%emt 0:09:01]} 18. Qh4 {[%emt 0:00:47]} Bxf3 {[%emt 0:00:47]} 19. gxf3 {[%emt 0:00:04]} Nc6 {[%emt 0:01:12]} 20. Re1 {[%emt 0:09:16]} Bg7 {[%emt 0:01:49]} 21. Nd2 {[%emt 0:03:50]} Nxe5 {[%emt 0:10:06]} 22. Bxe5 {[%emt 0:00:18]} Bxe5 {[%emt 0:00:17]} 23. Nc4 Bg7 {[%emt 0:03:50]} 24. Kg2 {[%emt 0:02:42]} Qd5 {[%emt 0:04:08]} 25. b3 {[%emt 0:00:59]} Qf5 {[%emt 0:15:27]} 26. Re4 {[%emt 0:03:54]} Bf6 {[%emt 0:04:13]} 27. Qg4 {[%emt 0:01:00]} h5 {[%emt 0:01:14]} 28. Qxf5 {[%emt 0:01:07]} gxf5 {[%emt 0:00:02]} 29. Rxe8+ {[%emt 0:05:36]} Rxe8 {[%emt 0:00:05]} 30. Kf1 {[%emt 0:02:26]} d3 {[%emt 0:02:25]} 31. Rd1 {[%emt 0:01:30]} dxc2 {[%emt 0:00:09]} 32. Rc1 {[%emt 0:00:06]} Kg7 {[%emt 0:02:05]} 33. Rxc2 {[%emt 0:00:42]} Bd4 {[%emt 0:01:14]} 34. Nb2 {[%emt 0:05:57]} Bxb2 {[%emt 0:03:22]} 35. Rxb2 {[%emt 0:00:07]} Rb8 {[%emt 0:00:43]} 36. Rc2 {[%emt 0:05:12]} Rb5 {[%emt 0:00:01]} 37. Rc4 {[%emt 0:02:27]} Kf6 {[%emt 0:00:33]} 38. Ke2 {[%emt 0:04:15]} Ke5 {[%emt 0:03:09]} 39. Kd3 {[%emt 0:02:02]} f6 {[%emt 0:01:09]} 40. Ke3 {[%emt 0:01:36]} c6 {[%emt 0:01:18]} 41. Kd3 {[%emt 0:02:25]} f4 {[%emt 0:02:12]} 42. Kc3 {[%emt 0:01:23]} Kf5 {[%emt 0:01:04]} 43. h4 {[%emt 0:01:05]} Ke5 {[%emt 0:00:30]} 44. a4 {[%emt 0:00:36]} Ra5 {[%emt 0:00:02]} 45. Re4+ {[%emt 0:00:12]} Kf5 {[%emt 0:00:01]} 46. Kc4 {[%emt 0:00:14]} Ra6 {[%emt 0:00:42]} 47. Kxc5 {[%emt 0:00:31]} Rb6 {[%emt 0:01:09]} 48. b4 {[%emt 0:00:18]} Rb8 {[%emt 0:00:02]} 49. a5 {[%emt 0:05:45]} Rd8 {[%emt 0:00:48]} 50. Kxc6 {[%emt 0:00:25]} Rd3 {[%emt 0:00:08]} 51. b5 {[%emt 0:00:27]} Rxf3 {[%emt 0:00:13]} 52. Rb4 {[%emt 0:00:32]} Rxf2 {[%emt 0:00:21]} 53. Kb7 {[%emt 0:02:04]} Ra2 {[%emt 0:00:39]} 54. a6 {[%emt 0:00:05]} f3 {[%emt 0:00:15]} 55. Rb1 {[%emt 0:01:25]} f2 {[%emt 0:00:19]} 56. Rf1 {[%emt 0:00:28]} Rb2 {[%emt 0:00:24]} 57. Rxf2+ {[%emt 0:00:09]} Rxf2 {[%emt 0:00:04]} 58. Kxa7 {[%emt 0:00:07]} Rb2 {[%emt 0:02:18]} 59. b6 {[%emt 0:00:08]} Kg4 {[%emt 0:00:43]} 60. b7 {[%emt 0:00:25]} 1-0

[Event "Cellavision Cup 2018"]
[Site "Lund"]
[Date "2018.08.05"]
[Round "7"]
[White "Cramling, Pia"]
[Black "Gritsak, Orest"]
[Result "1-0"]
[WhiteElo "2453"]
[BlackElo "2464"]
[Annotator "RC"]
[PlyCount "67"]
[EventDate "2018.08.03"]
[EventType "swiss"]
[EventCountry "SWE"]
[SourceTitle "playchess.com"]
[Source "ChessBase"]
[SourceQuality "1"]
[TimeControl "5400+30"]

1. Nf3 {[%emt 0:00:25]} c5 {[%emt 0:04:25]} 2. c4 {[%emt 0:00:12]} Nf6 {[%emt 0:00:18]} 3. Nc3 {[%emt 0:00:43]} e6 {[%emt 0:01:46]} 4. g3 {[%emt 0:00:56]} b6 {[%emt 0:00:47]} 5. Bg2 {[%emt 0:00:08]} Bb7 {[%emt 0:00:04]} 6. O-O {[%emt 0:00:12]} d6 {[%emt 0:01:49]} 7. d4 {[%emt 0:01:07]} cxd4 {[%emt 0:00:10]} 8. Qxd4 {[%emt 0:00:11]} a6 {[%emt 0:00:20]} 9. Rd1 {[%emt 0:01:22]} Nbd7 {[%emt 0:06:05]} 10. Bg5 {[%emt 0:04:53]} Be7 {[%emt 0:07:21]} 11. Qd2 {[%emt 0:00:47]} O-O {[%emt 0:03:18]} 12. Bf4 {[%emt 0:01:17]} Ne8 {[%emt 0:00:05]} 13. Rac1 {[%emt 0:00:30]} Rc8 {[%emt 0:23:10]} 14. b3 {[%emt 0:01:34]} Rc7 {[%emt 0:07:46]} 15. Ne1 {[%emt 0:23:55]} Bxg2 {[%emt 0:03:49]} 16. Nxg2 {[%emt 0:01:32]} Rc6 {[%emt 0:02:50]} 17. e4 {[%emt 0:04:38]} Nef6 {[%emt 0:04:21]} 18. Qe2 {[%emt 0:00:00]} Re8 {[%emt 0:01:24]} 19. Ne1 {[%emt 0:05:46]} Qa8 {[%emt 0:00:36]} 20. Nd3 {[%emt 0:11:09]} Nc5 {[%emt 0:00:24]} 21. Nxc5 {[%emt 0:04:15]} bxc5 {[%emt 0:00:06]} 22. Rd3 {[%emt 0:00:37]} Rd8 {[%emt 0:09:27]} 23. Rcd1 {[%emt 0:00:26]} Ne8 {[%emt 0:00:04]} 24. e5 {[%emt 0:05:03]} dxe5 {[%emt 0:00:42]} 25. Rxd8 {[%emt 0:01:01]} Bxd8 {[%emt 0:03:57]} 26. Bxe5 {[%emt 0:00:07]} Nf6 {[%emt 0:09:31]} 27. Ne4 {[%emt 0:08:36]} Be7 {[%emt 0:00:33]} 28. Nxf6+ {[%emt 0:03:32]} gxf6 {[%emt 0:00:31]} 29. Bc3 {[%emt 0:02:16]} Qb7 {[%emt 0:01:13]} 30. Qg4+ {[%emt 0:01:18]} Kh8 {[%emt 0:00:07]} 31. Qh5 {[%emt 0:04:25]} Kg8 {[%emt 0:00:20]} 32. Qh4 {[%emt 0:01:38]} e5 {[%emt 0:01:22]} 33. Qg4+ {[%emt 0:00:43]} Kf8 {[%emt 0:00:06]} 34. Bd2 {[%emt 0:03:11]} 1-0